|
|
|
|
| LEADER |
00561nam a22001577a 4500 |
| 008 |
180130b xxu||||| |||| 00| 0 mak d |
| 082 |
|
|
|a 615.53
|
| 100 |
|
|
|a Dhanya, K.
|
| 245 |
|
|
|a Triphala :
|b phalasiddhiyum prayogavidhikalum /
|c Dhanya K.
|
| 260 |
|
|
|a University of Calicut :
|b School of Folklore Studies,
|c 2003.
|
| 300 |
|
|
|a 88p. ;
|
| 650 |
|
|
|a Ayurveda
|v M A Dissertation
|
| 942 |
|
|
|c PD
|
| 546 |
|
|
|a Malayalam
|
| 999 |
|
|
|c 287635
|d 287635
|
| 952 |
|
|
|0 0
|1 0
|2 ddc
|4 0
|6 615_530000000000000_DHA_T
|7 0
|9 326521
|a FLK
|b FLK
|c ST1
|d 2018-01-30
|i D19
|l 0
|o 615.53 DHA/T
|p FLKD19
|r 2018-01-30
|y PD
|